The Assassination of James A. Garfield - Statistics

General Stats
  • This quiz has been taken 21 times
  • The average score is 8 of 12
Answer Stats
Hint Answer % Correct
Form of execution for the assassin Hanging
94%
Number of weeks Garfield lived before dying of infection 11
88%
Year that it took place 1881
81%
Inventor who was invited to help locate the bullet in Garfield's body Alexander Graham Bell
81%
Mentally ill gunman who assassinated Garfield Charles J. Guiteau
81%
Garfield's vice president who took office after his death Chester A. Arthur
81%
City where Garfield was shot Washington D.C.
75%
Secretary of War who was present when Garfield was shot (his father had also been assassinated) Robert Todd Lincoln
69%
The assassin privately _______ed for Garfield, feeling betrayed after not earning a government position Campaign
44%
Doctor who used his fingers and metal probes to find the bullet Doctor Willard Bliss
44%
Utopian religious society the gunman was shunned from {Oneida} Community
44%
And specifically at this building Baltimore and {Potomac} Railroad Station
25%
No matching quizzes found
Score Distribution
Percent of People with Each Score
Percentile by Number Answered
Your Score History
You have not taken this quiz